000 01091cab a2200229 4500
001 E84570
008 090401t1997 xxu||||| |||| 00| 0 eng d
035 _a(Sirsi) u78966
041 _aeng
245 _aAhmed v Akhtar
260 _c1997
350 _a0
490 _aScots Law Times
_v1997 SLT 218-225(8)
520 _aOuter House. Lord Osborne. 2 June 1995. Contract - sale of business and lease of business premises - assignation of lease - failure to obtain landlords` consent by date of settlement - whether time of the essence. Landlord and tenant - lease - assignation - sale of business conducted from leased premises - landlords` consent to assignation stated to be material condition - whether time of the essence - whether sellers` failure to obtain consent by date of settlement material breach - whether purchasers entitled to resile.
650 _aASSIGNATION
650 _aCOMMERCIAL LEASES
650 _aLANDLORD AND TENANT
_96252
650 _aSALE OF BUSINESS
690 _aLANDLORD AND TENANT-CASE LAW-BUSINESS TENANCIES
942 _n0
948 _c17/06/1997
999 _c49621
_d49621